Handbook of membrane separations: chemical, pharmaceutical, food, and biotechnological applications

Furkejuvvon:
Bibliográfalaš dieđut
Eará dahkkit: Pabby, Anil K. (Doaimmaheaddji), Rizvi, Syed S. H. (Doaimmaheaddji), Sastre, Ana Maria (Doaimmaheaddji)
Materiálatiipa: Girji
Giella:eaŋgalasgiella
Almmustuhtton: Boca Ratón CRC Press 2009
Preanttus:1a. ed
Fáttát:
Fáddágilkorat: Lasit fáddágilkoriid
Eai fáddágilkorat, Lasit vuosttaš fáddágilkora!

MARC

LEADER 00000cam a2200000 a 4500
001 UCG8809
003 CL-VaPUC
005 20241129141505.0
008 120106e20090000US |||||||||||||||||eng|d
999 |c 346397  |d 346395 
020 |a 9780849395499 
040 |c Pontificia Universidad Católica de Valparaíso 
082 0 4 |a 660.2842  |b PAB  |2 21 
100 |a Pabby, Anil K.  |e editor  |9 559984 
245 1 0 |a Handbook of membrane separations: chemical, pharmaceutical, food, and biotechnological applications 
250 |a 1a. ed 
260 |a Boca Ratón  |b CRC Press  |c 2009 
300 |a 1164 p 
583 |a last modification  |c 20120106 11:45:00  |k Rodrigo Vera 
650 0 |a Separación de membranas   |9 323897 
650 0 |a Biotecnología   |9 259561 
650 0 |a Industria farmacéutica  |9 418223 
650 0 |a Gestión de residuos  |9 559987 
700 0 |a Rizvi, Syed S. H.  |e editor  |9 879659 
700 0 |a Sastre, Ana Maria  |e editor  |9 879660 
942 |c BK  |2 ddc 
945 |d 20120106 00:00:00  |a cmena 
952 |0 0  |1 0  |4 0  |6 660_284200000000000_PAB_2009  |7 0  |8 A  |9 447080  |a BIBALI  |b BIBALI  |c GEN  |d 2019-11-22  |i 4830121  |o 660.2842 PAB 2009  |p 4830121  |r 2025-01-20  |w 2019-11-22  |y BK  |k ALI